BUNDESLIGA 23/24 KLUBY - Statystyki

Ogólne statystyki
  • Ten quiz został rozwiązany 387 razy
    270 od ostatniego zresetowania
  • Średni wynik to 13 z 18
Statystyki odpowiedzi
Odpowiedź % Poprawnych
Bayern Monachium
99%
Borussia Dortmund
99%
Bayer 04 Leverkusen
92%
RB Lipsk
88%
1.FC Union Berlin
82%
Borussia Mönchengladbach
76%
SV Werder Bremen
73%
VfL Wolfsburg
73%
1. FC Köln
72%
VfB Stuttgart
72%
Eintracht Frankfurt
66%
1.FSV Mainz 05
65%
FC Augsburg
60%
VfL Bochum
58%
SC Freiburg
56%
TSG 1899 Hoffenheim
56%
SV Darmstadt 98
55%
1.FC Heidenheim 1846
49%
Nie znaleziono quizów pasujących do podanych kryteriów
Rozkład punktacji
Procent ludzi z każdym wynikiem
Percentyl według liczby udzielonych odpowiedzi
Twoja historia wyników
Nie rozwiązałeś tego quizu od ostatniego zresetowania